00451nam a2200169Ia 4500008004100000040001900041041001200060082002800072100001400100245003800114260003900152300002000191504001900211650001400230651002700244850001000271131103s9999 xx 000 0 und d aLoreto College aEnglish a370.15/MACbLCLIB/21094 aMace,C.A. 4aThe psychology of studycC.A.Mace aHarmondsworthbPenguin Booksc1968 a128 p. c 8 cm. aIncludes index aEducation aEducational Psychology aLCLIB